Personnages de One Punch Man par images - Statistiques

Statistiques générales
  • Ce quiz a été pris 194 fois
  • Le résultat moyen est 10 sur 16
Statistiques - réponses
Par images Réponse % Correct
Saitama
100%
Genos
93%
King
88%
Garoh
84%
Tatsumaki
74%
Boros
69%
Bang Croc d'Argent
60%
Sonic le Foudroyant
57%
Roulette Rider
56%
Fubuki
55%
Pri-Pri Prisonnier
50%
Petit Empereur
43%
Beaugosse Masqué
42%
Metal Knight
39%
Atomic Samouraï
38%
Vipaire
9%
Aucun quiz correspondant
Distribution des résultats
% des personnes avec chaque résultat
Percentile par nombre de réponses
Votre historique - résultats
Vous n’avez pas pris ce quiz